| 000 | 00468nam a22001577a 4500 | ||
|---|---|---|---|
| 999 |
_c62577 _d62577 |
||
| 005 | 20241209175103.0 | ||
| 008 | 241209s2024 enk||||| |||| 00| 0 eng d | ||
| 020 | _a9788121931922x | ||
| 041 | _aeng | ||
| 080 | _a658.45 A-32 | ||
| 100 |
_aAlex, K. _923937 |
||
| 245 |
_aSoft Skills: _bKnow Yourself and Know The World / _cK. Alex. |
||
| 264 |
_aNew Delhi : _b S. Chand And Company Limited, _c2024. |
||
| 300 |
_a254 p. : _bill.; _c23 cm. |
||
| 942 |
_2udc _cᲬᲘᲒᲜᲘ |
||